000 01924nam2a22003491 4500
001 rc\4877332
005 20150303154515.0
021 _aRU
_b[67-1068]
035 _a(NLR Aleph) 008914293
090 _a8783652
_c8783652
100 _a20130426d1966 |||y0rusy50 ca
101 0 _arus
102 _aRU
105 _aag z |||e|
200 1 _a[Письма 1882 г.]
_fПодгот. К.Ю. Давыдовой и Г.И. Лабутиной
_g[Ред. комис.: А.Н. Александров и др.]
210 _cМузыка
_d1966
215 _a359 с., 7 л. ил.
_cнот. ил.
_d22
225 1 _aТруды Государственного дома-музея П.И. Чайковского
320 _aУказатель произведений П.И. Чайковского: с. 349-352
320 _aВспом. указатели: с. 315-348
320 _aБиблиогр.: с. 10-11
461 0 _1001rc\2343146
_12001#$aПолное собрание сочинений$fП. Чайковский$g[Ред. комис.: Александров А.Н. и др.]$vТ. 11
_1700#1$aЧайковский$bП. И.$f1840-1893$3RU\NLR\AUTH\7710326$gПетр Ильич
_95068687
_aЧайковский, П. И. (1840-1893)
_cМосква
_d1953
_fП. Чайковский
_nМузыка
_tПолное собрание сочинений
_vТ. 11
606 _aМузыка (т. 11)
_2psbo
702 1 _4570
_aДавыдова
_bК. Ю.
_cхореограф, музыковед
_f1905-1992
_gКсения Юрьевна
_9142194
_3RU\NLR\AUTH\770142230
702 1 _4340
_7ca
_8rus
_aАлександров
_bА. Н.
_cкомпозитор, педагог
_f1888-1982
_gАнатолий Николаевич
_9253946
_3RU\NLR\AUTH\770254002
702 1 _aЛабутина
_bГ. И.
_4570
801 0 _aRU
_bNLR
_gpsbo
801 1 _aRU
_bELAR
_2rusmarc
852 _aNLR
_jИс80 Г-5/86
942 _cBOOK
980 _aNB